Statystyki dla Najpopularniejsze utwory Okiego [18.01.2023]

Kliknij tutaj aby rozwiązać quiz!

Ogólne statystyki

  • Ten quiz został rozwiązany 442 razy
    (152 od ostatniego zresetowania)
  • Średni wynik to 11 z 20

Statystyki odpowiedzi

OdtworzeniaFeatyNazwa% Poprawnych
31,3 mln-Jeżyk!
93%
34,1 mlnOtsochodzi, Young IgiWorki W Tłum
84%
33,4 mln-Jakie To Uczucie?
83%
29,1 mlnGedzSIRI
83%
34,4 mlnOtsochodzi, Young IgiAmerykańskie Teledyski
80%
8,8 mlnSobel, Young IgiDzielny Pacjent
70%
9,8 mlnTaco HemingwayADHD
66%
31,4 mlnOtsochodzi, Young IgiPrzypadkiem
62%
16,8 mlnOtsochodzi, Young IgiMVP
61%
15,9 mln-Whoop?
56%
13,6 mlnOtsochodzi, Young IgiMoonwalk
54%
15,8 mln
-Doja Cat
51%
4,8 mlnŻabsonDLA ZIOMALI
48%
8 mlnOtsochodzi, Young IgiBiggie
46%
7,8 mln-Justin Bieber
43%
14,5 mln-Pieniądze, Dziewczyny, Zwrotki
43%
10 mln-Sonic Skit
42%
7,4 mlnOtsochodzi, Young IgiWMTB
31%
5,5 mln-I To Jest Fakt
23%
5,4 mlnOtsochodzi, Young IgiJak To Ma Być
17%

Rozkład punktacji

Percentyl według liczby udzielonych odpowiedzi

Procent ludzi z każdym wynikiem

Twoja historia wyników

Nie rozwiązałeś tego quizu od ostatniego zresetowania